[Event "Titled Tuesday intern op 26th Jan"]
[Site "Chess.com INT"]
[Date "2021.01.26"]
[Round "6"]
[White "Obregon, Carlos Andres"]
[Black "Zhigalko, Sergei"]
[Result "0-1"]
[WhiteElo "2525"]
[BlackElo "2572"]
[PlyCount "120"]
[EventDate "2021.01.26"]
[EventType "swiss (blitz)"]
[EventRounds "11"]
[EventCountry "USA"]
[SourceTitle "CBM 200 Extra"]
[Source "ChessBase"]
[SourceDate "2021.03.31"]
[SourceVersion "1"]
[SourceVersionDate "2021.03.31"]
[SourceQuality "1"]

1. d4 Nf6 2. c4 e6 3. Nf3 b6 4. g3 Ba6 5. b3 Bb4+ 6. Bd2 Be7 7. Bg2 c6 8. O-O d5 9. Qc2 Nbd7 10. Rd1 O-O 11. Bf4 Rc8 12. Nc3 h6 13. e4 dxc4 14. h3 Qe8 15. g4 Bb4 16. Ne2 cxb3 17. axb3 Bxe2 18. Qxe2 a5 19. Kh1 Qe7 20. g5 Nh5 21. Be3 hxg5 22. Nxg5 g6 23. e5 c5 24. Qg4 Bc3 25. Be4 cxd4 26. Bf4 Bxa1 27. Rxa1 Rc5 28. Nf3 Nxf4 29. Qxf4 Nxe5 30. Nxe5 Qd6 31. Nd3 Qxf4 32. Nxf4 Rc3 33. Rb1 Rfc8 34. Kg2 Rc1 35. Rxc1 Rxc1 36. Ne2 Rd1 37. Kf3 Rd2 38. Nf4 Rb2 39. Nd3 Rxb3 40. Ke2 a4 41. Kd2 a3 42. Nc1 Rb2+ 43. Kd3 a2 44. Nxa2 Rxa2 45. Kxd4 Ra3 46. f3 Ra5 47. Bb7 Kf8 48. Ke4 Ke7 49. Kf4 Kf6 50. Kg3 Ra4 51. Bc6 Rb4 52. Bd7 Ke7 53. Bc6 Rc4 54. Bb5 Rc5 55. Be2 b5 56. Kf4 b4 57. Bd1 Rc3 58. Ke4 Kd6 59. Kd4 e5+ 60. Ke4 f5# 0-1

[Event "Titled Tuesday intern op 26th Jan"]
[Site "Chess.com INT"]
[Date "2021.01.26"]
[Round "7"]
[White "Zhigalko, Sergei"]
[Black "Seliverstov, Vladimir"]
[Result "1-0"]
[WhiteElo "2572"]
[BlackElo "2462"]
[PlyCount "47"]
[EventDate "2021.01.26"]
[EventType "swiss (blitz)"]
[EventRounds "11"]
[EventCountry "USA"]
[SourceTitle "CBM 200 Extra"]
[Source "ChessBase"]
[SourceDate "2021.03.31"]
[SourceVersion "1"]
[SourceVersionDate "2021.03.31"]
[SourceQuality "1"]

1. e4 c5 2. Nf3 g6 3. c3 Nc6 4. d4 cxd4 5. cxd4 d5 6. exd5 Qxd5 7. Nc3 Qd6 8. d5 Ne5 9. Bb5+ Bd7 10. Bxd7+ Nxd7 11. O-O Ngf6 12. Qe2 a6 13. Bg5 Bg7 14. Rfe1 Rc8 15. Rad1 b5 16. Bf4 Qc5 17. Nxb5 O-O 18. Nc3 Rfe8 19. Qxa6 Nh5 20. Be3 Qc7 21. d6 exd6 22. Nb5 Qc4 23. b3 Qg4 24. h3 1-0

[Event "Titled Tuesday intern op 26th Jan"]
[Site "Chess.com INT"]
[Date "2021.01.26"]
[Round "8"]
[White "Priasmoro, Novendra"]
[Black "Zhigalko, Sergei"]
[Result "0-1"]
[WhiteElo "2502"]
[BlackElo "2572"]
[PlyCount "100"]
[EventDate "2021.01.26"]
[EventType "swiss (blitz)"]
[EventRounds "11"]
[EventCountry "USA"]
[SourceTitle "CBM 200 Extra"]
[Source "ChessBase"]
[SourceDate "2021.03.31"]
[SourceVersion "1"]
[SourceVersionDate "2021.03.31"]
[SourceQuality "1"]

1. e4 c5 2. Nf3 Nc6 3. Bb5 Nf6 4. e5 Nd5 5. O-O Nc7 6. Bxc6 dxc6 7. Re1 h6 8. d3 Bf5 9. Nbd2 Ne6 10. Ne4 g5 11. Ng3 Bg6 12. Be3 Bg7 13. h3 Qc7 14. c3 Rd8 15. d4 cxd4 16. cxd4 O-O 17. Qb3 Rd5 18. Rad1 Rfd8 19. a3 Qb6 20. Qc3 Qb5 21. b4 a5 22. h4 g4 23. Nh2 h5 24. f4 gxf3 25. Nxf3 axb4 26. axb4 R5d7 27. Ne2 Be4 28. Ng5 Nxg5 29. hxg5 Bxe5 30. Nf4 Bxf4 31. Bxf4 Bg6 32. Be5 Qa4 33. Qh3 Qxb4 34. Qe3 c5 35. Qf4 cxd4 36. g4 h4 37. Qh2 Rd5 38. Qxh4 Rxe5 39. Rxe5 d3 40. Qg3 Rd4 41. Qe3 Rxg4+ 42. Kf2 Rf4+ 43. Kg3 Rg4+ 44. Kf2 Rh4 45. Rxe7 Qb2+ 46. Rd2 Rh2+ 47. Kf3 Rxd2 48. Re8+ Kg7 49. Qe5+ Qxe5 50. Rxe5 Rd1 0-1

[Event "Titled Tuesday intern op 26th Jan"]
[Site "Chess.com INT"]
[Date "2021.01.26"]
[Round "9"]
[White "Zhigalko, Sergei"]
[Black "Xiong, Jeffery"]
[Result "1/2-1/2"]
[WhiteElo "2572"]
[BlackElo "2709"]
[PlyCount "94"]
[EventDate "2021.01.26"]
[EventType "swiss (blitz)"]
[EventRounds "11"]
[EventCountry "USA"]
[SourceTitle "CBM 200 Extra"]
[Source "ChessBase"]
[SourceDate "2021.03.31"]
[SourceVersion "1"]
[SourceVersionDate "2021.03.31"]
[SourceQuality "1"]

1. e4 e5 2. Nf3 Nc6 3. Bb5 a6 4. Ba4 Bc5 5. O-O Nge7 6. c3 Ng6 7. d4 Ba7 8. Bxc6 dxc6 9. Nxe5 Nxe5 10. dxe5 Qxd1 11. Rxd1 Bg4 12. Re1 O-O-O 13. h3 Bh5 14. g4 Bg6 15. Kg2 h5 16. Bg5 Rd3 17. Nd2 f6 18. exf6 gxf6 19. Bf4 Bc5 20. Nb3 Bb6 21. f3 Rhd8 22. Re2 Bf7 23. Nd2 a5 24. a3 a4 25. Rae1 Bc5 26. Nf1 b5 27. Rd2 Rxd2+ 28. Nxd2 Rd3 29. Re2 Kb7 30. g5 fxg5 31. Bxg5 Be6 32. h4 Bd6 33. Nf1 c5 34. Rd2 c4 35. Rxd3 cxd3 36. Nd2 c5 37. f4 b4 38. f5 Bg8 39. Kf3 bxa3 40. bxa3 c4 41. Nb1 Kc6 42. Bf4 Be7 43. Bg5 Bd6 44. Bf4 Bc5 45. Be3 Bf8 46. Bf4 Be7 47. Bg5 Bd6 1/2-1/2

[Event "Titled Tuesday intern op 26th Jan"]
[Site "Chess.com INT"]
[Date "2021.01.26"]
[Round "10"]
[White "Grigoriants, Sergey"]
[Black "Zhigalko, Sergei"]
[Result "1/2-1/2"]
[WhiteElo "2546"]
[BlackElo "2572"]
[PlyCount "212"]
[EventDate "2021.01.26"]
[EventType "swiss (blitz)"]
[EventRounds "11"]
[EventCountry "USA"]
[SourceTitle "CBM 200 Extra"]
[Source "ChessBase"]
[SourceDate "2021.03.31"]
[SourceVersion "1"]
[SourceVersionDate "2021.03.31"]
[SourceQuality "1"]

1. e4 c5 2. Nf3 Nc6 3. Bb5 Nf6 4. Nc3 Qc7 5. O-O Nd4 6. h3 a6 7. Bc4 e6 8. a4 Be7 9. d3 O-O 10. Nxd4 cxd4 11. Ne2 Nxe4 12. Nxd4 Nf6 13. Re1 d5 14. Bb3 e5 15. Nf3 e4 16. dxe4 dxe4 17. Nd4 h6 18. c3 Re8 19. Qe2 Bd6 20. Be3 Qe7 21. Rad1 Bd7 22. Qd2 Rad8 23. Bf4 Bc5 24. Qe2 Bc8 25. Bg3 Bd6 26. Bxd6 Rxd6 27. Rd2 e3 28. Rdd1 Qd8 29. fxe3 Ne4 30. Rf1 Re7 31. Qf3 Qe8 32. Nf5 Bxf5 33. Qxf5 Rf6 34. Qg4 Rxf1+ 35. Rxf1 Nd2 36. Rd1 Nxb3 37. Qb4 Rxe3 38. Qxb3 Re7 39. Qc4 Kh7 40. Qd3+ g6 41. Kh1 h5 42. Rf1 Kg8 43. Qc4 Re4 44. Qd5 Re7 45. Qc4 Re6 46. Qd5 Re7 47. a5 Qd7 48. Qxd7 Rxd7 49. Rf4 Rd5 50. Rb4 Rxa5 51. Rxb7 Ra1+ 52. Kh2 a5 53. Ra7 Rb1 54. Rxa5 Rxb2 55. Rc5 Rc2 56. Rc6 Kg7 57. Kg3 f6 58. Kf3 g5 59. Rc5 Kg6 60. Kg3 h4+ 61. Kf3 Rc1 62. Kf2 Rc2+ 63. Kf3 Rd2 64. Rc6 Rd3+ 65. Kf2 Rg3 66. Rd6 Rxc3 67. Rd5 Rc2+ 68. Kf3 Rc4 69. Kf2 Rf4+ 70. Kg1 Rf5 71. Rd4 Re5 72. Rc4 Kf5 73. Rc3 Re1+ 74. Kf2 Re4 75. Rc5+ Re5 76. Rc6 Rd5 77. Ra6 Ke5 78. Rb6 Rd2+ 79. Kg1 Rd5 80. Rb4 f5 81. Rb3 Kf4 82. Kh2 Rd4 83. Ra3 g4 84. hxg4 fxg4 85. g3+ hxg3+ 86. Kg2 Rd2+ 87. Kg1 Rc2 88. Rb3 Rc1+ 89. Kg2 Rc2+ 90. Kg1 Rd2 91. Ra3 Kg5 92. Rxg3 Kh4 93. Rb3 Rd1+ 94. Kg2 Rd2+ 95. Kg1 g3 96. Rb8 Rd1+ 97. Kg2 Rd2+ 98. Kg1 Rd5 99. Rh8+ Rh5 100. Rxh5+ Kxh5 101. Kg2 Kg4 102. Kg1 Kf4 103. Kg2 Kg4 104. Kg1 Kh3 105. Kh1 g2+ 106. Kg1 Kg3 1/2-1/2

[Event "Titled Tuesday intern op 26th Jan"]
[Site "Chess.com INT"]
[Date "2021.01.26"]
[Round "11"]
[White "Zhigalko, Sergei"]
[Black "Zierk, Steven C"]
[Result "1/2-1/2"]
[WhiteElo "2572"]
[BlackElo "2499"]
[PlyCount "144"]
[EventDate "2021.01.26"]
[EventType "swiss (blitz)"]
[EventRounds "11"]
[EventCountry "USA"]
[SourceTitle "CBM 200 Extra"]
[Source "ChessBase"]
[SourceDate "2021.03.31"]
[SourceVersion "1"]
[SourceVersionDate "2021.03.31"]
[SourceQuality "1"]

1. e4 c5 2. Nf3 Nc6 3. c3 Nf6 4. e5 Nd5 5. Bc4 Nb6 6. Bb3 d5 7. exd6 Qxd6 8. O-O Bf5 9. d4 e6 10. Be3 c4 11. Bc2 Bxc2 12. Qxc2 Be7 13. Nbd2 O-O 14. Bg5 h6 15. Bxe7 Nxe7 16. Ne5 Rac8 17. Rae1 f6 18. Ne4 Qd5 19. Nf3 Nd7 20. Re2 b5 21. Rfe1 Rc6 22. Ng3 a5 23. Nh4 Kf7 24. Qh7 Qg5 25. Nhf5 Nd5 26. h4 Qg6 27. Qxg6+ Kxg6 28. Rxe6 Rxe6 29. Rxe6 b4 30. Rc6 N7b6 31. h5+ Kf7 32. Nd6+ Ke7 33. Nxc4 Nxc4 34. Rxc4 Rb8 35. Nf5+ Kd7 36. Nxg7 bxc3 37. bxc3 Rb1+ 38. Kh2 Rb2 39. Rc5 Nf4 40. Kg3 Nd3 41. Rxa5 Nxf2 42. Nf5 Ne4+ 43. Kf3 Ng5+ 44. Ke3 Rxg2 45. Nxh6 Rh2 46. Ng4 Rh3+ 47. Ke2 Ne4 48. Ra7+ Ke6 49. Ra6+ Kf5 50. Ne3+ Kf4 51. Nd5+ Kg5 52. a4 f5 53. a5 f4 54. Rg6+ Kh4 55. Nxf4 Rxc3 56. Rg8 Ng3+ 57. Kd2 Rf3 58. Ng6+ Kxh5 59. Ne5 Ne4+ 60. Ke2 Ra3 61. Nc4 Rc3 62. Ne3 Ra3 63. Ra8 Kg5 64. a6 Nc3+ 65. Kf3 Nb5 66. Rb8 Nxd4+ 67. Ke4 Ne6 68. Rg8+ Kf6 69. Ra8 Rxa6 70. Nd5+ Kg5 71. Rxa6 Nc5+ 72. Ke5 Nxa6 1/2-1/2

[Event "Titled Tuesday intern op 23rd Feb"]
[Site "Chess.com INT"]
[Date "2021.02.23"]
[Round "1"]
[White "Zhigalko, Sergei"]
[Black "Brunner, Nicolas"]
[Result "1-0"]
[WhiteElo "2572"]
[BlackElo "2418"]
[PlyCount "77"]
[EventDate "2021.02.23"]
[EventType "swiss (blitz)"]
[EventRounds "11"]
[EventCountry "USA"]
[SourceTitle "CBM 200 Extra"]
[Source "ChessBase"]
[SourceDate "2021.03.31"]
[SourceVersion "1"]
[SourceVersionDate "2021.03.31"]
[SourceQuality "1"]

1. e4 c5 2. Nf3 e6 3. c3 d5 4. e5 d4 5. Bd3 Nc6 6. O-O Nge7 7. Re1 Ng6 8. g3 Qc7 9. Qe2 b6 10. Na3 a6 11. h4 Bb7 12. Be4 Be7 13. d3 O-O-O 14. h5 Nf8 15. Bf4 Kb8 16. Nc4 h6 17. Nd6 Bxd6 18. exd6 Qd7 19. cxd4 cxd4 20. Rac1 f6 21. Bxc6 Bxc6 22. Nxd4 Bd5 23. Rc7 Qa4 24. Qe3 Nd7 25. b3 Qa5 26. b4 Qxa2 27. Nxe6 Bxe6 28. Qxe6 Qxe6 29. Rxe6 Ne5 30. Ree7 Rxd6 31. Rxg7 Rhd8 32. Rb7+ Ka8 33. Ra7+ Kb8 34. Rxa6 Rxd3 35. Rxb6+ Ka8 36. Kg2 Rb3 37. Ra6+ Kb8 38. Rxf6 Re8 39. Bxe5+ 1-0

[Event "Titled Tuesday intern op 23rd Feb"]
[Site "Chess.com INT"]
[Date "2021.02.23"]
[Round "2"]
[White "Klimkowski, Jan"]
[Black "Zhigalko, Sergei"]
[Result "0-1"]
[WhiteElo "2296"]
[BlackElo "2572"]
[PlyCount "84"]
[EventDate "2021.02.23"]
[EventType "swiss (blitz)"]
[EventRounds "11"]
[EventCountry "USA"]
[SourceTitle "CBM 200 Extra"]
[Source "ChessBase"]
[SourceDate "2021.03.31"]
[SourceVersion "1"]
[SourceVersionDate "2021.03.31"]
[SourceQuality "1"]

1. d4 Nf6 2. c4 e6 3. Nf3 b6 4. g3 Ba6 5. b3 Bb4+ 6. Bd2 Be7 7. Bg2 c6 8. O-O d5 9. Bc3 Nbd7 10. Nbd2 O-O 11. Re1 c5 12. cxd5 Nxd5 13. Bb2 Rc8 14. Rc1 h6 15. dxc5 Nxc5 16. Nc4 b5 17. Nce5 Qa5 18. a3 b4 19. a4 Rfd8 20. Nd4 Qb6 21. e3 Bf6 22. Nc4 Qb8 23. Bxd5 exd5 24. Nd2 Nd3 25. Nc6 Rxc6 26. Rxc6 Nxb2 27. Qc2 Bd3 28. Qc1 Be5 29. Nf3 Be4 30. Nxe5 Qxe5 31. Qd2 Nd3 32. Rf1 d4 33. Rc4 dxe3 34. Qxe3 Ba8 35. Qd2 Qe8 36. f3 Ne5 37. Rd4 Rxd4 38. Qxd4 Nxf3+ 39. Rxf3 Bxf3 40. Qxb4 Qe3+ 41. Kf1 Qe2+ 42. Kg1 Qg2# 0-1

[Event "Titled Tuesday intern op 23rd Feb"]
[Site "Chess.com INT"]
[Date "2021.02.23"]
[Round "3"]
[White "Zhigalko, Sergei"]
[Black "Chernobay, Artem"]
[Result "1-0"]
[WhiteElo "2572"]
[BlackElo "2490"]
[PlyCount "47"]
[EventDate "2021.02.23"]
[EventType "swiss (blitz)"]
[EventRounds "11"]
[EventCountry "USA"]
[SourceTitle "CBM 200 Extra"]
[Source "ChessBase"]
[SourceDate "2021.03.31"]
[SourceVersion "1"]
[SourceVersionDate "2021.03.31"]
[SourceQuality "1"]

1. e4 e6 2. d4 d5 3. e5 c5 4. c3 Nc6 5. Nf3 Qb6 6. a3 c4 7. Nbd2 Na5 8. Be2 Bd7 9. O-O Ne7 10. Rb1 Qc7 11. h4 Nc8 12. h5 h6 13. Qe1 Ba4 14. Bd1 Qc6 15. Nh2 Nb6 16. f4 Be7 17. f5 exf5 18. Rxf5 Bxd1 19. Qxd1 Qa4 20. Qg4 Qc2 21. Ra1 O-O 22. Nxc4 Kh8 23. Nxa5 Rg8 24. Rf2 1-0

[Event "Titled Tuesday intern op 23rd Feb"]
[Site "Chess.com INT"]
[Date "2021.02.23"]
[Round "4"]
[White "Aitbayev, Aslan"]
[Black "Zhigalko, Sergei"]
[Result "0-1"]
[WhiteElo "2475"]
[BlackElo "2572"]
[PlyCount "154"]
[EventDate "2021.02.23"]
[EventType "swiss (blitz)"]
[EventRounds "11"]
[EventCountry "USA"]
[SourceTitle "CBM 200 Extra"]
[Source "ChessBase"]
[SourceDate "2021.03.31"]
[SourceVersion "1"]
[SourceVersionDate "2021.03.31"]
[SourceQuality "1"]

1. e4 c5 2. Nf3 Nc6 3. Bb5 Nf6 4. Nc3 Qc7 5. O-O Nd4 6. Re1 a6 7. Bf1 Ng4 8. g3 Nxf3+ 9. Qxf3 Ne5 10. Qe2 e6 11. d3 Be7 12. Bg2 d6 13. Be3 O-O 14. f4 Nc6 15. Qf2 Rb8 16. Ne2 b5 17. f5 Bf6 18. Rab1 Ne5 19. h3 Qe7 20. Nf4 Bg5 21. Nh5 Bd7 22. Bf4 g6 23. f6 Bxf6 24. Nxf6+ Qxf6 25. Qd2 Qh8 26. Bh6 Rfe8 27. Rf1 f6 28. Rf2 Nf7 29. Be3 Rf8 30. Rbf1 Ne5 31. g4 g5 32. c3 Qg7 33. Qe2 b4 34. d4 Bb5 35. Qd1 Bxf1 36. Bxf1 cxd4 37. cxd4 Ng6 38. Bc4 d5 39. exd5 exd5 40. Bxd5+ Kh8 41. Be6 Rbd8 42. d5 Ne5 43. Bd4 Rfe8 44. Re2 Rxe6 45. dxe6 Rxd4 46. Qxd4 Nf3+ 47. Kf2 Nxd4 48. e7 Nxe2 49. e8=Q+ Qg8 50. Qxe2 Qxa2 51. Qe8+ Kg7 52. Qd7+ Qf7 53. Qd6 Qa7+ 54. Kg2 a5 55. h4 gxh4 56. g5 fxg5 57. Qe5+ Kf7 58. Qf5+ Ke8 59. Qe6+ Kd8 60. Qg8+ Kc7 61. Qxh7+ Kb6 62. Qg6+ Kb5 63. Qe8+ Ka6 64. Qe2+ Kb7 65. Qe4+ Kb6 66. Qd4+ Ka6 67. Qc4+ Kb7 68. Qf7+ Kb8 69. Qe8+ Kb7 70. Qe4+ Kb8 71. Qe8+ Kc7 72. Qe7+ Kb6 73. Qe3+ Kb7 74. Qe7+ Ka8 75. Qe8+ Qb8 76. Qe7 Qb7+ 77. Qxb7+ Kxb7 0-1

[Event "Titled Tuesday intern op 23rd Feb"]
[Site "Chess.com INT"]
[Date "2021.02.23"]
[Round "5"]
[White "Zhigalko, Sergei"]
[Black "Kalogeris, Ioannis"]
[Result "1-0"]
[WhiteElo "2572"]
[BlackElo "2307"]
[PlyCount "51"]
[EventDate "2021.02.23"]
[EventType "swiss (blitz)"]
[EventRounds "11"]
[EventCountry "USA"]
[SourceTitle "CBM 200 Extra"]
[Source "ChessBase"]
[SourceDate "2021.03.31"]
[SourceVersion "1"]
[SourceVersionDate "2021.03.31"]
[SourceQuality "1"]

1. e4 e5 2. Nf3 Nc6 3. Bc4 Bc5 4. b4 Bxb4 5. c3 Ba5 6. d4 d6 7. Qb3 Qd7 8. O-O Bb6 9. Nbd2 Na5 10. Qc2 Ne7 11. dxe5 O-O 12. Bd3 Ng6 13. exd6 Qxd6 14. e5 Qc5 15. a4 Rd8 16. Ba3 Qc6 17. Be4 Qe8 18. c4 c5 19. Rfe1 Be6 20. Ng5 Nc6 21. Nxe6 Qxe6 22. Bd5 Qg4 23. e6 Nf4 24. exf7+ Kf8 25. Qxh7 Ne7 26. Qh8+ 1-0

[Event "Titled Tuesday intern op 23rd Feb"]
[Site "Chess.com INT"]
[Date "2021.02.23"]
[Round "6"]
[White "Xiong, Jeffery"]
[Black "Zhigalko, Sergei"]
[Result "1-0"]
[WhiteElo "2709"]
[BlackElo "2572"]
[PlyCount "57"]
[EventDate "2021.02.23"]
[EventType "swiss (blitz)"]
[EventRounds "11"]
[EventCountry "USA"]
[SourceTitle "CBM 200 Extra"]
[Source "ChessBase"]
[SourceDate "2021.03.31"]
[SourceVersion "1"]
[SourceVersionDate "2021.03.31"]
[SourceQuality "1"]

1. e4 c5 2. Nf3 Nc6 3. Bb5 Nf6 4. e5 Nd5 5. Bxc6 dxc6 6. d3 h6 7. O-O Bf5 8. Re1 g5 9. Nbd2 Bg7 10. Ne4 b6 11. Bd2 O-O 12. Ng3 e6 13. h3 Bg6 14. Nh2 f5 15. exf6 Qxf6 16. Ng4 Qxb2 17. Rxe6 Qxa1 18. Qxa1 Bxa1 19. Rxg6+ Kf7 20. Rxc6 Rae8 21. Nxh6+ Ke7 22. Ngf5+ Kd7 23. Rd6+ Kc7 24. Rxd5 Re2 25. Bxg5 Rxc2 26. a4 Bd4 27. Nxd4 Rfxf2 28. Nxc2 Rxc2 29. Bf4+ 1-0

[Event "Titled Tuesday intern op 23rd Feb"]
[Site "Chess.com INT"]
[Date "2021.02.23"]
[Round "7"]
[White "Zhigalko, Sergei"]
[Black "Mikhalevski, Victor"]
[Result "1-0"]
[WhiteElo "2572"]
[BlackElo "2552"]
[PlyCount "69"]
[EventDate "2021.02.23"]
[EventType "swiss (blitz)"]
[EventRounds "11"]
[EventCountry "USA"]
[SourceTitle "CBM 200 Extra"]
[Source "ChessBase"]
[SourceDate "2021.03.31"]
[SourceVersion "1"]
[SourceVersionDate "2021.03.31"]
[SourceQuality "1"]

1. e4 e5 2. Nf3 Nc6 3. Bc4 Bc5 4. b4 Bxb4 5. c3 Ba5 6. d4 Qe7 7. O-O Nf6 8. Ba3 d6 9. d5 Nb8 10. Qa4+ Nbd7 11. Qxa5 Nxe4 12. Qxc7 Nb6 13. Bb5+ Bd7 14. Re1 Bxb5 15. Qxe7+ Kxe7 16. Rxe4 f6 17. Nbd2 Rac8 18. Rc1 Rc7 19. Nd4 Bd7 20. f4 Rhc8 21. fxe5 fxe5 22. Rxe5+ Kf7 23. Bxd6 Rxc3 24. Rf1+ Kg8 25. Re7 Rd3 26. Be5 Re3 27. Rxg7+ Kh8 28. Re7+ Kg8 29. Rg7+ Kh8 30. Rg5+ Rxe5 31. Rxe5 Kg7 32. h3 Rc3 33. Ne4 Rd3 34. Ne6+ Bxe6 35. dxe6 1-0

[Event "Titled Tuesday intern op 23rd Feb"]
[Site "Chess.com INT"]
[Date "2021.02.23"]
[Round "8"]
[White "Zhigalko, Sergei"]
[Black "Anisimov, Pavel"]
[Result "0-1"]
[WhiteElo "2572"]
[BlackElo "2527"]
[PlyCount "56"]
[EventDate "2021.02.23"]
[EventType "swiss (blitz)"]
[EventRounds "11"]
[EventCountry "USA"]
[SourceTitle "CBM 200 Extra"]
[Source "ChessBase"]
[SourceDate "2021.03.31"]
[SourceVersion "1"]
[SourceVersionDate "2021.03.31"]
[SourceQuality "1"]

1. e4 c5 2. Nf3 d6 3. d4 cxd4 4. Qxd4 Nc6 5. Bb5 Bd7 6. Bxc6 bxc6 7. c4 Nf6 8. e5 dxe5 9. Nxe5 Bf5 10. Qf4 e6 11. O-O Bd6 12. Qe3 Qc7 13. Re1 Ne4 14. Nd3 Bxh2+ 15. Kf1 Rd8 16. Nf4 O-O 17. g4 Bxg4 18. Qxe4 Bf5 19. Qe3 e5 20. Nh5 f6 21. Ng3 Bh3+ 22. Ke2 Qf7 23. b3 f5 24. Qf3 e4 25. Qf4 Bg4+ 26. Kf1 Qf6 27. Kg2 Qh4 28. Rh1 Qh3# 0-1

[Event "Titled Tuesday intern op 23rd Feb"]
[Site "Chess.com INT"]
[Date "2021.02.23"]
[Round "9"]
[White "Goltsev, Dmitry"]
[Black "Zhigalko, Sergei"]
[Result "0-1"]
[WhiteElo "2312"]
[BlackElo "2572"]
[PlyCount "54"]
[EventDate "2021.02.23"]
[EventType "swiss (blitz)"]
[EventRounds "11"]
[EventCountry "USA"]
[SourceTitle "CBM 200 Extra"]
[Source "ChessBase"]
[SourceDate "2021.03.31"]
[SourceVersion "1"]
[SourceVersionDate "2021.03.31"]
[SourceQuality "1"]

1. e4 c5 2. Nf3 Nc6 3. d4 cxd4 4. Nxd4 Nf6 5. Nc3 e5 6. Ndb5 d6 7. Nd5 Nxd5 8. exd5 Nb8 9. c4 Be7 10. Nc3 O-O 11. Bd3 f5 12. O-O Nd7 13. Re1 e4 14. Bc2 Ne5 15. b3 Bf6 16. Bb2 Bd7 17. Ne2 Nf3+ 18. gxf3 Bxb2 19. Rb1 Qg5+ 20. Kf1 exf3 21. Ng3 f4 22. Rxb2 fxg3 23. fxg3 f2 24. Re6 Bxe6 25. dxe6 Qh6 26. Be4 Qxh2 27. Qg4 Qg1+ 0-1

[Event "Titled Tuesday intern op 23rd Feb"]
[Site "Chess.com INT"]
[Date "2021.02.23"]
[Round "10"]
[White "Zhigalko, Sergei"]
[Black "Durarbayli, Vasif"]
[Result "1/2-1/2"]
[WhiteElo "2572"]
[BlackElo "2606"]
[PlyCount "146"]
[EventDate "2021.02.23"]
[EventType "swiss (blitz)"]
[EventRounds "11"]
[EventCountry "USA"]
[SourceTitle "CBM 200 Extra"]
[Source "ChessBase"]
[SourceDate "2021.03.31"]
[SourceVersion "1"]
[SourceVersionDate "2021.03.31"]
[SourceQuality "1"]

1. e4 c5 2. Nf3 d6 3. d4 cxd4 4. Qxd4 Nf6 5. Nc3 Nc6 6. Bb5 Bd7 7. Bxc6 bxc6 8. O-O e5 9. Qd3 h6 10. Nd2 Qc7 11. Nc4 Rd8 12. f4 Be6 13. Kh1 Be7 14. Be3 Ng4 15. fxe5 dxe5 16. Qe2 Bxc4 17. Qxc4 Nxe3 18. Qxf7+ Kd7 19. Rfe1 Rdf8 20. Qb3 Ng4 21. Na4 Bd6 22. h3 Nf6 23. Rad1 Ke7 24. c4 Qb8 25. Qg3 Rf7 26. Qg6 Re8 27. a3 Kf8 28. b4 Kg8 29. Rd3 Ref8 30. Rg3 Kh8 31. Nc3 Ng8 32. Rd1 Bc7 33. Qxc6 Rf1+ 34. Rxf1 Rxf1+ 35. Kh2 Rf7 36. Nd5 Qd8 37. Qe6 Qd7 38. Qxd7 Rxd7 39. c5 Nf6 40. c6 Rf7 41. Rf3 Kh7 42. b5 Kg6 43. Rg3+ Kh7 44. Rf3 Kg8 45. Nb4 Kf8 46. Na6 Bb6 47. Rc3 Ne8 48. a4 Nc7 49. Nb4 Ba5 50. Rc4 Bxb4 51. Rxb4 Ke7 52. a5 Kd6 53. Rb1 Kc5 54. b6 axb6 55. axb6 Kxc6 56. bxc7 Kxc7 57. Ra1 Kd6 58. Ra5 Rf4 59. Ra7 g5 60. Ra6+ Kc5 61. Rxh6 Rxe4 62. Rg6 Re1 63. Rxg5 Kd4 64. Kg3 e4 65. Rg8 e3 66. Rd8+ Ke4 67. Re8+ Kd3 68. Rd8+ Ke4 69. h4 Rh1 70. Re8+ Kd3 71. Rd8+ Ke4 72. Re8+ Kd3 73. Rd8+ Ke4 1/2-1/2

[Event "Titled Tuesday intern op 23rd Feb"]
[Site "Chess.com INT"]
[Date "2021.02.23"]
[Round "11"]
[White "Baklan, Vladimir"]
[Black "Zhigalko, Sergei"]
[Result "0-1"]
[WhiteElo "2587"]
[BlackElo "2572"]
[PlyCount "112"]
[EventDate "2021.02.23"]
[EventType "swiss (blitz)"]
[EventRounds "11"]
[EventCountry "USA"]
[SourceTitle "CBM 200 Extra"]
[Source "ChessBase"]
[SourceDate "2021.03.31"]
[SourceVersion "1"]
[SourceVersionDate "2021.03.31"]
[SourceQuality "1"]

1. e4 c5 2. Nf3 Nc6 3. Bb5 Nf6 4. Nc3 Qc7 5. O-O Nd4 6. Re1 a6 7. Bf1 Ng4 8. g3 Nxf3+ 9. Qxf3 Ne5 10. Qe2 e6 11. b3 Be7 12. Nd1 O-O 13. Bb2 b5 14. Ne3 Bb7 15. Bg2 d6 16. a4 Qb6 17. f4 Nc6 18. Qf2 Nd4 19. a5 Qc7 20. b4 Rac8 21. c3 Nc6 22. f5 Ne5 23. Bf1 Bxe4 24. Be2 c4 25. Rf1 d5 26. h3 Rce8 27. Kh2 Nd3 28. Bxd3 Bxd3 29. Rfe1 exf5 30. Nxd5 Qd8 31. Nxe7+ Rxe7 32. Rxe7 Qxe7 33. Re1 Qd7 34. Qd4 Qb7 35. Qe3 h6 36. Kg1 Rc8 37. Kh2 Kh7 38. Kg1 Rc7 39. Kh2 Rd7 40. Kg1 Qc7 41. Qe5 Qb7 42. Qe3 Be4 43. Bc1 Rd3 44. Qf2 Qc7 45. Re3 Qd6 46. Kh2 f6 47. Kg1 Qd5 48. Kh2 Qe5 49. Kg1 Qe7 50. Kh2 Qc7 51. Kg1 Qd8 52. Kh2 g5 53. Kg1 Kg6 54. Kh2 Qd6 55. Kg1 h5 56. g4 Rxe3 0-1

[Event "Titled Tuesday intern op 09th Mar"]
[Site "Chess.com INT"]
[Date "2021.03.09"]
[Round "11"]
[White "Navara, David"]
[Black "Zhigalko, Sergei"]
[Result "0-1"]
[WhiteElo "2697"]
[BlackElo "2572"]
[PlyCount "98"]
[EventDate "2021.03.09"]
[EventType "swiss (blitz)"]
[EventRounds "11"]
[EventCountry "USA"]
[SourceTitle "CBM 201 Extra"]
[Source "ChessBase"]
[SourceDate "2021.05.30"]
[SourceVersion "1"]
[SourceVersionDate "2021.05.30"]
[SourceQuality "1"]

1. d4 Nf6 2. c4 e6 3. Nc3 Bb4 4. e3 O-O 5. Bd3 d5 6. cxd5 exd5 7. Nge2 Re8 8. O-O Bd6 9. Bd2 Nc6 10. Rc1 a6 11. f3 Nb4 12. Bb1 c5 13. a3 Nc6 14. Kh1 cxd4 15. exd4 h6 16. Bf4 Be6 17. b4 Rc8 18. Bxd6 Qxd6 19. Qd2 Ne7 20. Nf4 Bf5 21. Ba2 g5 22. Nd3 Bxd3 23. Qxd3 Ng6 24. g3 Rc7 25. Rfe1 Rec8 26. Ne2 Kg7 27. Kg2 Nh5 28. Qd2 Nf6 29. Bb1 Ne7 30. Rxc7 Rxc7 31. Rc1 Rxc1 32. Nxc1 Nc6 33. Nb3 Qe7 34. Nc5 Ne8 35. Kf2 Nd6 36. Ba2 Nf5 37. Bxd5 Nfxd4 38. Nxb7 Qf6 39. Nd6 Qxd6 40. Bxc6 Qf6 41. Be4 h5 42. Kg2 h4 43. gxh4 gxh4 44. Qe3 Ne6 45. Kf2 Nf4 46. Qd2 Qb6+ 47. Qe3 Qf6 48. Qd2 Qe5 49. Qc2 Ne6 0-1